00325nam a2200121Ia 4500008004100000100003800041245003300079260003600112300000900148650002400157942000700181999001500188190216s9999||||xx |||||||||||||| ||und|| a"Satya Prakash, Tuli Gd, Basu Sk" 0aAdvanced Inorganic Chemistry bShyamlal Charitable Trustc1976 a898p aInorganic Chemistry cBK c2520d2520